[Event "Paz de Ziganda op 29th"]
[Site "Villava"]
[Date "2019.03.16"]
[Round "2"]
[White "Lerendegui Lasa, Odei"]
[Black "Martinez Duany, Lelys Stanley"]
[Result "0-1"]
[WhiteElo "2069"]
[BlackElo "2517"]
[PlyCount "92"]
[EventDate "2019.03.16"]
[EventType "swiss (rapid)"]
[EventRounds "9"]
[EventCountry "ESP"]
[SourceTitle "CBM 189 Extra"]
[Source "ChessBase"]
[SourceDate "2019.06.03"]
[SourceVersion "1"]
[SourceVersionDate "2019.06.03"]
[SourceQuality "1"]

1. e4 g6 2. d3 Bg7 3. Nf3 d5 4. Nbd2 Nc6 5. g3 e6 6. Bg2 Nge7 7. 0-0 0-0 8. c3 b6 9. Re1 dxe4 10. dxe4 e5 11. Nf1 Qxd1 12. Rxd1 Be6 13. Ng5 Bg4 14. f3 Bc8 15. Ne3 f6 16. Nh3 Rd8 17. Rxd8+ Nxd8 18. b3 Ne6 19. Ba3 Kf7 20. Rd1 a5 21. Nd5 Bf8 22. f4 exf4 23. gxf4 Ra7 24. Nxe7 Bxe7 25. Bxe7 Kxe7 26. Kf2 Nc5 27. Ke3 Be6 28. f5 Bf7 29. Nf4 Nd7 30. fxg6 hxg6 31. Bh3 Ne5 32. Nd5+ Bxd5 33. exd5 Ra8 34. Be6 Rh8 35. h3 f5 36. Kf4 Kf6 37. Kg3 g5 38. c4 Ng6 39. a3 Nf4 40. Rh1 Ne2+ 41. Kf2 Nd4 42. b4 axb4 43. axb4 Nxe6 44. dxe6 Kxe6 45. Ke3 Rh4 46. Kd3 Kf6 0-1

[Event "Benidorm op U2300 17th"]
[Site "Benidorm"]
[Date "2018.12.05"]
[Round "6"]
[White "Lerendegui Lasa, Odei"]
[Black "Kucza, Karol"]
[Result "0-1"]
[WhiteElo "2121"]
[BlackElo "2294"]
[PlyCount "114"]
[EventDate "2018.11.30"]
[EventType "swiss"]
[EventRounds "10"]
[EventCountry "ESP"]
[SourceTitle "EXT 2022"]
[Source "ChessBase"]
[SourceDate "2021.10.06"]
[SourceVersion "1"]
[SourceVersionDate "2021.10.06"]
[SourceQuality "1"]

1. e4 c5 2. c3 d5 3. exd5 Qxd5 4. d4 Nc6 5. Nf3 Bf5 6. Be3 cxd4 7. Nxd4 Nxd4 8. Qxd4 Nf6 9. Na3 e5 10. Qxd5 Nxd5 11. Bb5+ Ke7 12. Bd2 Ke6 13. b4 a5 14. Bc4 axb4 15. Nb5 Rc8 16. Bxd5+ Kxd5 17. cxb4 Rc2 18. Nc3+ Kc4 19. Nd1 Kd3 20. Rb1 Be6 21. Nb2+ Ke4 22. Kd1 Rc7 23. Re1+ Kf5 24. Nd3 f6 25. a3 Be7 26. Re3 Ra8 27. Ne1 Bd5 28. g4+ Kxg4 29. Rg3+ Kf5 30. Rxg7 Rxa3 31. Rxh7 Ra2 32. Rh4 Be4 33. Rxe4 Kxe4 34. Ke2 Rd7 35. f3+ Kf5 36. Nd3 Bf8 37. Rb2 Rxb2 38. Nxb2 Rh7 39. Nc4 Rxh2+ 40. Kd3 Rf2 41. Ke3 Rh2 42. Kd3 Ke6 43. Na5 b5 44. Nc6 Kd5 45. Na7 f5 46. Nxb5 e4+ 47. Ke3 Bh6+ 48. f4 Bxf4+ 49. Kxf4 Rxd2 50. Nc7+ Kc4 51. b5 Rf2+ 52. Ke3 Rf3+ 53. Ke2 Rb3 54. Ne8 f4 55. Nd6+ Kd5 56. Ne8 Rb2+ 57. Kd1 f3 0-1

[Event "Benidorm op U2300 17th"]
[Site "Benidorm"]
[Date "2018.12.01"]
[Round "2"]
[White "Lerendegui Lasa, Odei"]
[Black "Hernandez Leon, Alberto"]
[Result "1-0"]
[WhiteElo "2121"]
[BlackElo "2239"]
[PlyCount "107"]
[EventDate "2018.11.30"]
[EventType "swiss"]
[EventRounds "10"]
[EventCountry "ESP"]
[SourceTitle "EXT 2022"]
[Source "ChessBase"]
[SourceDate "2021.10.06"]
[SourceVersion "1"]
[SourceVersionDate "2021.10.06"]
[SourceQuality "1"]

1. e4 g6 2. d3 Bg7 3. g3 c5 4. Bg2 Nc6 5. Nf3 e6 6. 0-0 Nge7 7. c3 d5 8. Re1 dxe4 9. dxe4 Qxd1 10. Rxd1 0-0 11. Na3 b6 12. Nb5 Ba6 13. Bf1 h6 14. Be3 Bxb5 15. Bxb5 Rfd8 16. Ba6 Rxd1+ 17. Rxd1 Rd8 18. Rxd8+ Nxd8 19. Kf1 Nec6 20. Ke2 Kf8 21. h4 Ke7 22. Nh2 f5 23. Nf3 Nf7 24. exf5 exf5 25. Bb5 Nce5 26. Nxe5 Bxe5 27. a4 Bd6 28. Bc4 Ne5 29. Bd5 Ng4 30. Bd2 Be5 31. Bf3 Bg7 32. Bxg4 fxg4 33. Kd3 a6 34. Ke4 Ke6 35. Be3 Bf8 36. c4 h5 37. b3 a5 38. Bg5 Kd7 39. Ke5 Bg7+ 40. Bf6 Bf8 41. Kd5 Bh6 42. Ke4 Bd2 43. Kd3 Bh6 44. Ke4 Bd2 45. f3 gxf3 46. Kxf3 Bh6 47. g4 hxg4+ 48. Kxg4 Kc6 49. Bd8 Bd2 50. Kf3 Bh6 51. Ke4 Bg7 52. Kf4 Bh6+ 53. Ke5 Bg7+ 54. Ke6 1-0

[Event "Euskadi-ch"]
[Site "Pamplona"]
[Date "2018.04.07"]
[Round "6"]
[White "Lerendegui Lasa, Odei"]
[Black "Del Rio de Angelis, Salvador Gabriel"]
[Result "0-1"]
[WhiteElo "2124"]
[BlackElo "2531"]
[PlyCount "130"]
[EventDate "2018.04.02"]
[EventType "swiss"]
[EventRounds "7"]
[EventCountry "ESP"]
[SourceTitle "EXT 2021"]
[Source "ChessBase"]
[SourceDate "2020.10.23"]
[SourceVersion "1"]
[SourceVersionDate "2020.10.23"]
[SourceQuality "1"]

1. e4 c5 2. d3 Nc6 3. Nf3 d6 4. g3 Nf6 5. Bg2 e6 6. 0-0 Be7 7. Re1 0-0 8. c3 Bd7 9. Nbd2 Rc8 10. Nf1 Qc7 11. Bf4 Rfd8 12. h4 h6 13. e5 Nd5 14. exd6 Bxd6 15. Bxd6 Qxd6 16. N1d2 Nb6 17. Nc4 Nxc4 18. dxc4 Qxd1 19. Raxd1 Be8 20. Nd2 Kf8 21. Kf1 b6 22. f4 Ne7 23. Be4 Rd6 24. Ke2 Rcd8 25. Nf3 Rxd1 26. Rxd1 Rxd1 27. Kxd1 f5 28. Bb7 Bh5 29. Ke2 Bxf3+ 30. Bxf3 Nc8 31. b4 Nd6 32. Kd3 Ke7 33. Bc6 Kf6 34. Ba8 e5 35. Bd5 exf4 36. gxf4 g5 37. hxg5+ hxg5 38. fxg5+ Kxg5 39. Ke3 Kf6 40. Kf4 Ne8 41. Bc6 Ng7 42. Bf3 Ne6+ 43. Ke3 Ke5 44. Bg2 Ng5 45. Bb7 Ne4 46. Kd3 Kf4 47. Bc8 Ng5 48. Bd7 Nf7 49. Bc8 Ne5+ 50. Ke2 Nxc4 51. bxc5 bxc5 52. Bd7 Nd6 53. Be6 Kg3 54. Bd5 f4 55. Bc6 Nf7 56. Bd5 Ne5 57. Bb7 a5 58. Ba8 a4 59. Bd5 a3 60. Bb7 c4 61. Bd5 f3+ 62. Bxf3 Nxf3 63. Ke3 Kg4 64. Ke4 Nd2+ 65. Ke3 Nb3 0-1

[Event "Euskadi-ch"]
[Site "Pamplona"]
[Date "2018.04.05"]
[Round "4"]
[White "Lerendegui Lasa, Odei"]
[Black "Prieto Aranguren, Alain"]
[Result "0-1"]
[WhiteElo "2124"]
[BlackElo "2266"]
[PlyCount "66"]
[EventDate "2018.04.02"]
[EventType "swiss"]
[EventRounds "7"]
[EventCountry "ESP"]
[SourceTitle "EXT 2021"]
[Source "ChessBase"]
[SourceDate "2020.10.23"]
[SourceVersion "1"]
[SourceVersionDate "2020.10.23"]
[SourceQuality "1"]

1. e4 c6 2. d3 d5 3. Nd2 g6 4. Ngf3 Bg7 5. g3 e5 6. Bg2 Ne7 7. 0-0 d4 8. Nc4 Qc7 9. c3 c5 10. cxd4 cxd4 11. a4 a5 12. b3 Nbc6 13. Ba3 Nb4 14. Bxb4 axb4 15. Qd2 Nc6 16. Ne1 b5 17. axb5 Rxa1 18. bxc6 0-0 19. f4 Be6 20. Qxb4 Rb8 21. Qc5 Bxc4 22. Qxc4 Rb6 23. fxe5 Bxe5 24. Nf3 Rxf1+ 25. Bxf1 Rxc6 26. Qd5 Bxg3 27. Qxd4 Rc2 28. Qe3 Bxh2+ 29. Kh1 Bf4 30. Qd4 Qc8 31. e5 Qg4 32. Qd8+ Kg7 33. Qf6+ Kh6 0-1

[Event "Benidorm op U2000 16th"]
[Site "Benidorm"]
[Date "2017.12.06"]
[Round "7"]
[White "Lerendegui Lasa, Odei"]
[Black "Denisik, Sergei"]
[Result "1-0"]
[WhiteElo "1975"]
[BlackElo "1890"]
[PlyCount "149"]
[EventDate "2017.12.01"]
[EventType "swiss"]
[EventRounds "10"]
[EventCountry "ESP"]
[SourceTitle "EXT 2019"]
[Source "ChessBase"]
[SourceDate "2018.10.10"]
[SourceVersion "1"]
[SourceVersionDate "2018.10.10"]
[SourceQuality "1"]

1. e4 e5 2. Nf3 Qe7 3. Nc3 c6 4. d4 d6 5. Bg5 Nf6 6. Qd2 h6 7. Bh4 Bg4 8. 0-0-0 Nbd7 9. h3 Bxf3 10. gxf3 exd4 11. Qxd4 Qe5 12. Qe3 Nh5 13. Nd5 cxd5 14. Rxd5 Qe6 15. Rxh5 Qxa2 16. Qc3 f6 17. Ra5 Qe6 18. Bc4 Qe7 19. Bg3 Ne5 20. Bb3 Nc6 21. Rd5 0-0-0 22. Rhd1 Qc7 23. Ba4 Be7 24. Bxc6 Qxc6 25. Qb3 Rd7 26. R1d3 Kb8 27. Kd2 Rc8 28. Rc3 Qa6 29. Rdc5 Rxc5 30. Rxc5 Qb6 31. Qxb6 axb6 32. Rb5 Kc7 33. Kd3 Kc6 34. Rd5 Rd8 35. h4 b5 36. Bf4 Ra8 37. Kc3 f5 38. Rxf5 Bxh4 39. Rd5 Be7 40. Rf5 Bf6+ 41. e5 dxe5 42. Bxe5 Bxe5+ 43. Rxe5 Rf8 44. Re3 Rf6 45. Kd3 Kd6 46. c3 Re6 47. f4 b6 48. b3 h5 49. Rg3 g6 50. Rg5 h4 51. Rg4 h3 52. Rh4 Ke7 53. Rxh3 Kf6 54. Re3 Rd6+ 55. Ke4 Rc6 56. Kd5 Rc5+ 57. Ke4 b4 58. c4 Rc6 59. Rd3 Re6+ 60. Kf3 Rc6 61. Rd5 Ke6 62. Rb5 Rd6 63. Rxb4 Kf6 64. Rb5 Ke6 65. Re5+ Kf6 66. Ke4 Rd2 67. Rb5 Rd6 68. b4 Re6+ 69. Re5 Rd6 70. f5 gxf5+ 71. Rxf5+ Kg6 72. Rb5 Kf6 73. f4 Ke6 74. Rh5 Kd7 75. Rd5 1-0

[Event "Navarra-ch"]
[Site "Pamplona"]
[Date "2017.04.08"]
[Round "4"]
[White "Jimenez Almeida, Luis David"]
[Black "Lerendegui Lasa, Odei"]
[Result "1-0"]
[WhiteElo "2252"]
[BlackElo "1929"]
[PlyCount "137"]
[EventDate "2017.03.11"]
[EventType "swiss"]
[EventRounds "7"]
[EventCountry "ESP"]
[SourceTitle "EXT 2018"]
[Source "ChessBase"]
[SourceDate "2017.10.13"]
[SourceVersion "1"]
[SourceVersionDate "2017.10.13"]
[SourceQuality "1"]

1. Nf3 Nf6 2. c4 g6 3. b4 Bg7 4. Bb2 0-0 5. e3 d6 6. Be2 a5 7. b5 c6 8. a4 Bg4 9. 0-0 e5 10. d3 Re8 11. Nbd2 Nbd7 12. h3 Bxf3 13. Bxf3 Qc7 14. Qc2 Nc5 15. g3 h5 16. d4 Ne6 17. h4 Ng4 18. bxc6 bxc6 19. d5 Nc5 20. Rab1 Na6 21. dxc6 Nb4 22. Qd1 f5 23. Bd5+ Kh7 24. Nf3 Bh6 25. Bc3 Rab8 26. Bxb4 axb4 27. Nd2 Rf8 28. Qe2 f4 29. exf4 exf4 30. Ne4 Ne5 31. Ng5+ Bxg5 32. hxg5 Rf5 33. Rb3 Rxg5 34. Bg2 Nxc6 35. gxf4 Nd4 36. Qe3 Nf5 37. Qe4 Rg4 38. Kh1 Qf7 39. Re1 Qf6 40. Rh3 b3 41. Qc6 Rf8 42. Qb7+ Rf7 43. Qxb3 Nh4 44. Bd5 Re7 45. Rxe7+ Qxe7 46. Qb7 Qxb7 47. Bxb7 Rxf4 48. Bd5 g5 49. Kg1 Rd4 50. Ra3 Rd1+ 51. Kh2 Rd2 52. a5 Rxf2+ 53. Kg1 Rb2 54. Be4+ Kg7 55. a6 Re2 56. a7 Rxe4 57. a8Q Rg4+ 58. Kf1 Rf4+ 59. Ke2 Ng6 60. Ra7+ Kh6 61. Qg8 g4 62. Qh7+ Kg5 63. Ra5+ Ne5 64. c5 d5 65. c6 Nxc6 66. Rxd5+ Kh4 67. Qxh5+ Kg3 68. Rd3+ Kg2 69. Qd5+ 1-0

[Event "Navarra-chT"]
[Site "Navarra"]
[Date "2016.10.29"]
[Round "4.3"]
[White "Lerendegui Lasa, Odei"]
[Black "Lopez Orois, Jose Manuel"]
[Result "0-1"]
[WhiteElo "1921"]
[BlackElo "2081"]
[PlyCount "116"]
[EventDate "2016.10.08"]
[EventType "team-tourn"]
[EventRounds "7"]
[EventCountry "ESP"]
[SourceTitle "CBM 175 Extra"]
[Source "ChessBase"]
[SourceDate "2016.12.12"]
[SourceVersion "1"]
[SourceVersionDate "2016.12.12"]
[SourceQuality "1"]
[WhiteTeam "Mikel Gurea"]
[BlackTeam "San Juan"]
[WhiteTeamCountry "ESP"]
[BlackTeamCountry "ESP"]

1. e4 d5 2. exd5 Qxd5 3. Nf3 Nf6 4. d4 Bg4 5. Be2 c6 6. 0-0 e6 7. c4 Qd8 8. Qb3 Qb6 9. Nc3 Nbd7 10. Rd1 Qxb3 11. axb3 Nb6 12. Be3 Nfd7 13. h3 Bf5 14. Bd3 Bxd3 15. Rxd3 Be7 16. d5 Bc5 17. dxe6 fxe6 18. Ne4 Bxe3 19. Rxe3 0-0 20. Neg5 Nc5 21. Nxe6 Nxe6 22. Rxe6 Nd7 23. Re7 Rf7 24. Rae1 Nc5 25. Rxf7 Kxf7 26. Ne5+ Kf6 27. b4 Na6 28. Nd3 Rd8 29. Re3 Rd4 30. Rf3+ Ke7 31. Re3+ Kf6 32. Rf3+ Ke7 33. b5 cxb5 34. cxb5 Nb4 35. Rf4 Rxd3 36. Rxb4 Rd1+ 37. Kh2 Rd2 38. Kg3 Kd6 39. f3 Kc5 40. Rb3 Kc4 41. Rc3+ Kxb5 42. Rc7 Kb6 43. Rxg7 Rxb2 44. f4 a5 45. f5 Rb1 46. Rg4 Kc6 47. Kh4 Rb4 48. Kg5 Rxg4+ 49. hxg4 Kd7 50. Kf6 a4 51. Kg7 a3 52. f6 a2 53. f7 a1Q+ 54. Kg8 Qa2 55. Kg7 Qb2+ 56. Kg8 Qb3 57. Kg7 Qc3+ 58. Kxh7 Ke7 0-1

[Event "Navarra-ch"]
[Site "Pamplona"]
[Date "2016.04.09"]
[Round "4"]
[White "Lerendegui Lasa, Odei"]
[Black "Urriza Iricibar, Pablo"]
[Result "1/2-1/2"]
[WhiteElo "1908"]
[BlackElo "2149"]
[PlyCount "38"]
[EventDate "2016.03.05"]
[EventType "swiss"]
[EventRounds "8"]
[EventCountry "ESP"]
[SourceTitle "EXT 2018"]
[Source "ChessBase"]
[SourceDate "2017.10.13"]
[SourceVersion "1"]
[SourceVersionDate "2017.10.13"]
[SourceQuality "1"]

1. e4 e6 2. d4 d5 3. Bd3 c5 4. exd5 exd5 5. Nf3 Nf6 6. 0-0 Be7 7. dxc5 0-0 8. Be3 a5 9. c3 Qc7 10. Bd4 Nc6 11. Re1 Bg4 12. Nbd2 h6 13. h3 Be6 14. Nf1 Nd7 15. Ng3 Nxc5 16. Bxg7 Nxd3 17. Qxd3 Kxg7 18. Nh5+ Kh8 19. Qe3 Kh7 1/2-1/2

[Event "Navarra-chTA"]
[Site "Pamplona"]
[Date "2015.10.17"]
[Round "2.5"]
[White "Urriza Iricibar, Pablo"]
[Black "Lerendegui Lasa, Odei"]
[Result "1-0"]
[WhiteElo "2123"]
[BlackElo "1923"]
[PlyCount "79"]
[EventDate "2015.10.10"]
[EventType "team-tourn"]
[EventRounds "7"]
[EventCountry "ESP"]
[SourceTitle "CBM 169 Extra"]
[Source "ChessBase"]
[SourceDate "2015.12.18"]
[SourceVersion "1"]
[SourceVersionDate "2015.12.18"]
[SourceQuality "1"]
[WhiteTeam "Orvina"]
[BlackTeam "Mikel Gurea"]
[WhiteTeamCountry "ESP"]
[BlackTeamCountry "ESP"]

1. e4 c5 2. Nf3 Nc6 3. Bb5 g6 4. 0-0 Bg7 5. c3 e5 6. h3 a6 7. Bxc6 dxc6 8. d3 Ne7 9. Be3 b6 10. Na3 Qc7 11. Nc4 Be6 12. Nfd2 0-0 13. b4 Rad8 14. bxc5 b5 15. Nb2 f5 16. f3 f4 17. Bf2 g5 18. Re1 h5 19. Kf1 Rf6 20. Ke2 Qd7 21. a4 Ng6 22. axb5 axb5 23. Ra6 Rf7 24. Qa1 Bc4 25. Ndxc4 bxc4 26. Rd1 Bf8 27. Nxc4 g4 28. hxg4 hxg4 29. Qa4 g3 30. Bg1 Rf6 31. Qa2 Kh8 32. Ra7 Qe6 33. Nb6 Qxa2+ 34. Rxa2 Ne7 35. Rda1 Bg7 36. Ra7 Re6 37. Rc7 Kg8 38. Raa7 Kf8 39. Kd2 Rb8 40. Nd7+ 1-0

[Event "Navarra-ch"]
[Site "Pamplona"]
[Date "2014.05.24"]
[Round "7"]
[White "Lerendegui Lasa, Odei"]
[Black "Diaz Redondo, Isidoro"]
[Result "1-0"]
[WhiteElo "1646"]
[BlackElo "1563"]
[PlyCount "63"]
[EventDate "2014.03.29"]
[EventType "swiss"]
[EventRounds "8"]
[EventCountry "ESP"]
[SourceTitle "EXT 2016"]
[Source "ChessBase"]
[SourceDate "2015.10.08"]
[SourceVersion "1"]
[SourceVersionDate "2015.10.08"]
[SourceQuality "1"]

1. e4 e5 2. Bc4 d6 3. Nc3 c6 4. d3 Nf6 5. f4 Bg4 6. Nf3 Nbd7 7. 0-0 Be7 8. h3 Be6 9. Bxe6 fxe6 10. Ng5 Qb6+ 11. Kh1 g6 12. Nxe6 Nf8 13. fxe5 dxe5 14. Ng7+ Kf7 15. Bh6 Rg8 16. g4 Ne6 17. Nxe6 Kxe6 18. g5 Nh5 19. Qg4+ Kd6 20. d4 exd4 21. e5+ Kc7 22. Rf7 Rae8 23. Ne4 Kb8 24. b3 c5 25. Raf1 Qc6 26. Kg1 Qd5 27. Rxh7 Qxe5 28. Qf3 Rgf8 29. Bxf8 Rxf8 30. Rxe7 Qf4 31. Qxf4+ Nxf4 32. Nf6 1-0

[Event "Navarra-ch"]
[Site "Pamplona"]
[Date "2014.05.03"]
[Round "4"]
[White "Lerendegui Lasa, Odei"]
[Black "Sevilla Subiza, Javier"]
[Result "0-1"]
[WhiteElo "1646"]
[BlackElo "1966"]
[PlyCount "46"]
[EventDate "2014.03.29"]
[EventType "swiss"]
[EventRounds "8"]
[EventCountry "ESP"]
[SourceTitle "EXT 2016"]
[Source "ChessBase"]
[SourceDate "2015.10.08"]
[SourceVersion "1"]
[SourceVersionDate "2015.10.08"]
[SourceQuality "1"]

1. e4 g6 2. d4 Bg7 3. Nc3 d6 4. f4 a6 5. Nf3 b5 6. Bd3 Bb7 7. 0-0 Nd7 8. e5 e6 9. Be3 Ne7 10. Bf2 0-0 11. Ne4 Nd5 12. Bh4 f6 13. Qd2 dxe5 14. dxe5 Qe8 15. Rad1 f5 16. Nc3 c5 17. Nxd5 Bxd5 18. Qe2 c4 19. Bxf5 gxf5 20. Rde1 Nc5 21. Qe3 Rc8 22. Nd4 Qg6 23. Rf2 Qg4 0-1

[Event "Navarra-chT Primera Gp2"]
[Site "Navarra"]
[Date "2012.10.13"]
[Round "1.3"]
[White "Romano Garcia, Ivan"]
[Black "Lerendegui Lasa, Odei"]
[Result "1-0"]
[WhiteElo "1617"]
[BlackElo "1496"]
[PlyCount "55"]
[EventDate "2012.10.13"]
[EventType "team-swiss"]
[EventRounds "5"]
[EventCountry "ESP"]
[SourceTitle "EXT 2014"]
[Source "ChessBase"]
[SourceDate "2013.11.20"]
[SourceVersion "1"]
[SourceVersionDate "2013.11.20"]
[SourceQuality "1"]
[WhiteTeam "Santa Ana II"]
[BlackTeam "Mikel Gurea El Palacete"]
[WhiteTeamCountry "ESP"]
[BlackTeamCountry "ESP"]

1. e4 c5 2. Nc3 Nc6 3. f4 g6 4. Nf3 Bg7 5. g3 e6 6. Bg2 Nge7 7. 0-0 0-0 8. d3 d5 9. Ne2 Qc7 10. c3 dxe4 11. dxe4 Rd8 12. Qe1 b6 13. e5 Bb7 14. Qf2 Rd3 15. g4 Rad8 16. Ng3 Qd7 17. Ng5 Rd1 18. N5e4 Nc8 19. Be3 Rxa1 20. Rxa1 N6e7 21. Rf1 Nd5 22. Bc1 Qc7 23. f5 Bxe5 24. fxe6 fxe6 25. Ng5 Bxg3 26. hxg3 Re8 27. Nxe6 Qd7 28. Qf8+ 1-0